<?xml version="1.0" encoding="UTF-8"?>
<collection xmlns="http://www.loc.gov/MARC21/slim">
<record>
  <controlfield tag="001">163643</controlfield>
  <controlfield tag="005">20251028143426.0</controlfield>
  <datafield tag="024" ind1="8" ind2=" ">
    <subfield code="2">innovaciondocente</subfield>
    <subfield code="a">5526</subfield>
  </datafield>
  <datafield tag="037" ind1=" " ind2=" ">
    <subfield code="a">INNODOC-2024-5526</subfield>
  </datafield>
  <datafield tag="041" ind1=" " ind2=" ">
    <subfield code="a">spa</subfield>
  </datafield>
  <datafield tag="100" ind1=" " ind2=" ">
    <subfield code="0">(orcid)0000-0002-7076-6621</subfield>
    <subfield code="a">Julián Clemente, José Antonio</subfield>
    <subfield code="e">coord.</subfield>
  </datafield>
  <datafield tag="245" ind1=" " ind2=" ">
    <subfield code="a">EducaFísicaTe: La Mención Curricular de Educación Física como espacio compartido e innovador de aprendizaje. Efecto de una intervención sobre el compromiso con los estudios y la autonomía del alumnado (VIII)</subfield>
  </datafield>
  <datafield tag="260" ind1=" " ind2=" ">
    <subfield code="a">Zaragoza</subfield>
    <subfield code="b">Universidad de Zaragoza</subfield>
    <subfield code="c">2024</subfield>
  </datafield>
  <datafield tag="520" ind1="3" ind2=" ">
    <subfield code="a">El proyecto de innovación “EducaFísicaTe: Más espacios, más tiempos, con más personas” tiene una trayectoria de 7 cursos escolares (esta es la 8ª vez que participamos). Surgió de una reflexión sobre la implicación del profesorado y del alumnado en los procesos de formación de maestros, basado en la adquisición de competencias profesionales. Estos cuatro cursos escolares han conllevado un cambio en nuestra relación pedagógica con el alumnado, las propias asignaturas a impartir y las relaciones con el contexto próximo. El objetivo de este quinto curso es mejorar el diseño de los módulos formativos que componen la optatividad, en la metodología, en la evaluación y en el procedimiento de calificación de las asignaturas, así como el fomento de acciones basadas en el aprendizaje servicio con asociaciones y entidades del entorno y poder comparar los resultados con los cursos previos. Para evaluar la aplicación del proyecto se va a estudiar la evolución por grupo (Facultad de Ciencias Sociales y Humanas y Facultad de Ciencias Humanas y de la Educación). Se realizará a través de variables importantes para el aprendizaje como son el fomento de la autonomía, el compromiso con los estudios, la diversión en el aprendizaje y la satisfacción con la formación recibida.</subfield>
  </datafield>
  <datafield tag="700" ind1=" " ind2=" ">
    <subfield code="0">(orcid)0000-0002-9208-4824</subfield>
    <subfield code="a">Abarca Sos, Alberto</subfield>
  </datafield>
  <datafield tag="700" ind1=" " ind2=" ">
    <subfield code="0">(orcid)0000-0001-9126-5976</subfield>
    <subfield code="a">Aibar Solana, Alberto</subfield>
  </datafield>
  <datafield tag="700" ind1=" " ind2=" ">
    <subfield code="0">(orcid)0000-0003-4484-4873</subfield>
    <subfield code="a">Corral Abós, Ana</subfield>
  </datafield>
  <datafield tag="700" ind1=" " ind2=" ">
    <subfield code="a">Ibor Marcuello, Antonio</subfield>
  </datafield>
  <datafield tag="700" ind1=" " ind2=" ">
    <subfield code="0">(orcid)0009-0005-6811-7218</subfield>
    <subfield code="a">Esteban Torres, Diego</subfield>
  </datafield>
  <datafield tag="700" ind1=" " ind2=" ">
    <subfield code="0">(orcid)0000-0002-6410-4760</subfield>
    <subfield code="a">Ibor Bernalte, Eduardo</subfield>
  </datafield>
  <datafield tag="700" ind1=" " ind2=" ">
    <subfield code="0">(orcid)0000-0002-9761-1953</subfield>
    <subfield code="a">Zaragoza Casterad, Francisco Javier</subfield>
  </datafield>
  <datafield tag="700" ind1=" " ind2=" ">
    <subfield code="a">Bermejo Martínez, Gemma</subfield>
  </datafield>
  <datafield tag="700" ind1=" " ind2=" ">
    <subfield code="0">(orcid)0000-0001-7143-228X</subfield>
    <subfield code="a">Luis de Cos, Gurutze</subfield>
  </datafield>
  <datafield tag="700" ind1=" " ind2=" ">
    <subfield code="0">(orcid)0000-0002-0853-8994</subfield>
    <subfield code="a">Bachouri Muniesa, Hisham</subfield>
  </datafield>
  <datafield tag="700" ind1=" " ind2=" ">
    <subfield code="0">(orcid)0000-0001-5854-106X</subfield>
    <subfield code="a">Tena Porta, Inmaculada Lucía</subfield>
  </datafield>
  <datafield tag="700" ind1=" " ind2=" ">
    <subfield code="0">(orcid)0000-0002-4950-9487</subfield>
    <subfield code="a">Sanz Remacha, María</subfield>
  </datafield>
  <datafield tag="700" ind1=" " ind2=" ">
    <subfield code="a">Murillo Ezcurra, Miguel</subfield>
  </datafield>
  <datafield tag="700" ind1=" " ind2=" ">
    <subfield code="a">Lisón Loriente, Víctor Ramón</subfield>
  </datafield>
  <datafield tag="856" ind1="4" ind2=" ">
    <subfield code="s">92062</subfield>
    <subfield code="u">http://zaguan.unizar.es/record/163643/files/memoria_PIIDUZ_2024_5526.pdf</subfield>
    <subfield code="y">Memoria del proyecto</subfield>
  </datafield>
  <datafield tag="970" ind1=" " ind2=" ">
    <subfield code="a">INNODOC-2024-5526</subfield>
  </datafield>
  <datafield tag="980" ind1=" " ind2=" ">
    <subfield code="a">INNODOC</subfield>
    <subfield code="b">PIIDUZ</subfield>
    <subfield code="c">PIIDUZ_3 De referencia</subfield>
  </datafield>
</record>
</collection>